<?xml version="1.0" encoding="UTF-8"?>
<collection xmlns:xsi="http://www.w3.org/2001/XMLSchema-instance" xsi:schemaLocation="http://www.loc.gov/MARC21/slim http://www.loc.gov/standards/marcxml/schema/MARC21slim.xsd" xmlns="http://www.loc.gov/MARC21/slim">
 <record>
  <leader>00000dgc a22000003a 4500</leader>
  <controlfield tag="001">UP-1685594773861802386</controlfield>
  <controlfield tag="003">Buklod</controlfield>
  <controlfield tag="005">20241128141921.0</controlfield>
  <controlfield tag="006">j|||||||||||||| | </controlfield>
  <controlfield tag="007">ta</controlfield>
  <controlfield tag="008">110107s2008    xx     d||| |     ||   ||</controlfield>
  <datafield tag="035" ind1=" " ind2=" ">
   <subfield code="a">(iLib)UPBAG-00008168641</subfield>
  </datafield>
  <datafield tag="090" ind1=" " ind2=" ">
   <subfield code="a">VDR-969</subfield>
  </datafield>
  <datafield tag="245" ind1="0" ind2="0">
   <subfield code="a">Science in everyday life</subfield>
   <subfield code="h">[videorecording]</subfield>
   <subfield code="b">physical science video clips</subfield>
   <subfield code="c">German United Distributors.</subfield>
  </datafield>
  <datafield tag="246" ind1="3" ind2=" ">
   <subfield code="a">Physical science video clips</subfield>
  </datafield>
  <datafield tag="264" ind1=" " ind2="1">
   <subfield code="a">Princeton, N.J.</subfield>
   <subfield code="b">Films Media Group</subfield>
   <subfield code="c">c2008.</subfield>
  </datafield>
  <datafield tag="300" ind1=" " ind2=" ">
   <subfield code="a">1 videodisc (97 min.)</subfield>
   <subfield code="b">sd., col.</subfield>
   <subfield code="c">4 3/4 in.</subfield>
  </datafield>
  <datafield tag="490" ind1="0" ind2=" ">
   <subfield code="a">Films for the humanities &amp; sciences</subfield>
  </datafield>
  <datafield tag="505" ind1="0" ind2=" ">
   <subfield code="a">Science of Ice and Snow: How Do You Photograph a Snowflake? (2:21) -- Science of Ice and Snow: The Making of a Snowflake (3:25) -- Valuable Oil: The Origins of Crude Oil (2:23) -- Valuable Oil: A World Without Petroleum (2:57) -- The Tree, Natures Great Survivor: How Alders Communicate (3:37) -- The Tree, Natures Great Survivor: An Oaks Story (3:23) -- The Tree, Natures Great Survivor: How Trees Get Water and Nutrients (3:35) -- The Tree, Natures Great Survivor: Tree Habitat (2:57) -- Raindrops: How Rain Is Formed (2:24) -- Raindrops: Its Raining Cats and Dogs (3:13) -- Raindrops: A Closer Look at Raindrops (2:30) -- Living with Volcanoes: How Volcanoes Are Born (2:45) -- Living with Volcanoes: Laboratory Volcanoes (2:07) -- Water, Source of Life: How Water Came to Be on Our Planet (2:38) -- Water, Source of Life: Cloud Catchers (2:32) -- Water, Source of Life: Protective Reflex for the Respiratory System (2:42) -- Water, Source of Life: Fluid Loss in the Sauna (2:30) -- Precious Salt: A Profile of Salt (2:09) -- What's Happened to the Climate? Wrapping a Glacier (4:12) -- Secrets of the Quantum World: Max Planck (3:40) -- Secrets of the Quantum World: Lasers (1:13) -- Secrets of the Quantum World: Physics on the Sports Field (3:22) -- Light Phenomena: Holography (3:54) -- Light Phenomena: Luminescent Bacteria on the Apple Tree (3:01) -- Light Phenomena: Secrets of Biology Revealed by Light (3:08) -- Light Phenomena: A Night in the Zoo (2:41) -- Light Phenomena: Wet Surfaces Look Darker (2:43) -- Hydrodynamics: Water Resistance (2:44) -- Hydrodynamics: Underwater Properties of a Rugby Ball (2:43) -- Thermodynamics: The Thermal Effect (2:22) -- Thermodynamics: Detonating Gas Effect in the Forge (2:29) -- Newtons Laws: Eggs and Gravity (2:25) -- Newtons Laws: Earth Rotation (2:58) -- Putting Electricity to Work: From the High Wires to the Plug-In (1:27)</subfield>
  </datafield>
  <datafield tag="650" ind1=" " ind2="0">
   <subfield code="a">Physical sciences.</subfield>
  </datafield>
  <datafield tag="650" ind1=" " ind2="0">
   <subfield code="a">Atmosphere.</subfield>
  </datafield>
  <datafield tag="650" ind1=" " ind2="0">
   <subfield code="a">Biology</subfield>
   <subfield code="x">Study and teaching.</subfield>
  </datafield>
  <datafield tag="650" ind1=" " ind2="0">
   <subfield code="a">Chemistry</subfield>
   <subfield code="x">Study and teaching.</subfield>
  </datafield>
  <datafield tag="650" ind1=" " ind2="0">
   <subfield code="a">Environmental sciences</subfield>
   <subfield code="x">Study and teaching.</subfield>
  </datafield>
  <datafield tag="650" ind1=" " ind2="0">
   <subfield code="a">Physics</subfield>
   <subfield code="x">Study and teaching.</subfield>
  </datafield>
  <datafield tag="650" ind1=" " ind2="0">
   <subfield code="a">Weather.</subfield>
  </datafield>
  <datafield tag="655" ind1=" " ind2="0">
   <subfield code="a">Educational films.</subfield>
  </datafield>
  <datafield tag="655" ind1=" " ind2="0">
   <subfield code="a">Internet videos.</subfield>
  </datafield>
  <datafield tag="852" ind1="0" ind2=" ">
   <subfield code="a">UPBAG</subfield>
   <subfield code="b">UPBAG-MAIN</subfield>
   <subfield code="h">BC-VDR-969</subfield>
  </datafield>
  <datafield tag="942" ind1=" " ind2=" ">
   <subfield code="a">Visual Material</subfield>
  </datafield>
 </record>
</collection>
